[Event "FRA-chT2S 0203"]
[Site "France"]
[Date "2002.12.08"]
[Round "4.7"]
[White "Karim, Ismael"]
[Black "Mela, Jerome"]
[Result "1/2-1/2"]
[WhiteElo "1890"]
[BlackElo "2165"]
[PlyCount "92"]
[EventDate "2002.10.??"]
[EventType "team"]
[EventRounds "11"]
[EventCountry "FRA"]
[SourceTitle "EXT 2004"]
[Source "ChessBase"]
[SourceDate "2003.11.25"]
[SourceVersion "1"]
[SourceVersionDate "2003.11.25"]
[SourceQuality "1"]
[WhiteTeam "Clichy II"]
[BlackTeam "Issy les Moulineaux"]
[WhiteTeamCountry "FRA"]
[BlackTeamCountry "FRA"]

1. e4 Nc6 2. Nf3 e5 3. Bb5 Nf6 4. 0-0 a6 5. Ba4 Be7 6. Re1 b5 7. Bb3 d6 8. a4 Rb8 9. axb5 axb5 10. h3 Nd4 11. Nxd4 exd4 12. c3 c5 13. cxd4 cxd4 14. d3 0-0 15. Na3 Nd7 16. Nc2 Bf6 17. Nb4 Bb7 18. Bd5 Nc5 19. Bxb7 Rxb7 20. Nd5 g6 21. f4 Bh4 22. Rf1 f5 23. b4 Ne6 24. Qb3 Kg7 25. Bb2 Rbf7 26. Ra6 Bg3 27. Bxd4+ Nxd4 28. Qb2 fxe4 29. Qxd4+ Kh6 30. Ne3 Rxf4 31. Ng4+ Rxg4 32. Rxf8 Qxf8 33. hxg4 Qf4 34. Ra1 exd3 35. Qxf4+ Bxf4 36. Kf2 Bd2 37. Rb1 d5 38. Rb2 Bc3 39. Rb3 d4 40. Ra3 Bxb4 41. Rb3 Bd2 42. Rxb5 Be3+ 43. Kf3 d2 44. Ke2 Kg7 45. Rb7+ Kh6 46. Rb5 Kg7 1/2-1/2

[Event "FRA-chT2"]
[Site "France"]
[Date "2002.02.03"]
[Round "7.8"]
[White "Manet, Eric"]
[Black "Mela, Jerome"]
[Result "0-1"]
[WhiteElo "1980"]
[BlackElo "2178"]
[PlyCount "138"]
[EventDate "2002.??.??"]
[EventType "team"]
[EventRounds "11"]
[EventCountry "FRA"]
[SourceTitle "EXT 2003"]
[Source "ChessBase"]
[SourceDate "2002.11.25"]
[SourceVersion "1"]
[SourceVersionDate "2002.11.25"]
[SourceQuality "1"]

1. e4 Nc6 2. d4 e5 3. Nf3 exd4 4. Nxd4 Bc5 5. Be3 Qf6 6. c3 Nge7 7. Bb5 a6 8. Be2 d5 9. Bf3 dxe4 10. Bxe4 Bd7 11. 0-0 Rd8 12. Nxc6 Bxc6 13. Bxc6+ Qxc6 14. Qe1 Rd6 15. Bxc5 Qxc5 16. Na3 Re6 17. Qd2 h5 18. Nc2 h4 19. Rad1 0-0 20. h3 Nf5 21. Rfe1 Rg6 22. Qd5 Rc6 23. Re5 Qxd5 24. Rdxd5 g6 25. Nd4 Nxd4 26. Rxd4 Kg7 27. Rxh4 Rd8 28. Re2 Rd1+ 29. Kh2 Ra1 30. a3 a5 31. Ra4 Rc5 32. g3 Ra2 33. Rc2 Rb5 34. Kg2 b6 35. Rc4 c5 36. a4 Rbxb2 37. Rxb2 Rxb2 38. Kf3 Kf6 39. Ke3 Ke5 40. Rf4 f5 41. g4 Rc2 42. Rc4 Kd5 43. Rf4 Rxc3+ 44. Kd2 Rxh3 45. gxf5 g5 46. Rg4 Rh5 47. Rg3 Ke5 48. f6 Kxf6 49. Rb3 Rh4 50. Rxb6+ Kf5 51. Rb5 Rxa4 52. Rxc5+ Kf4 53. Ke2 g4 54. Rc8 Re4+ 55. Kd3 Kf3 56. Rc2 Rf4 57. Ra2 a4 58. Rc2 Kg2 59. Ra2 a3 60. Ke3 Rf3+ 61. Ke4 Kf1 62. Ke5 Ke1 63. Ke4 Kd1 64. Ke5 Kc1 65. Re2 Kb1 66. Re1+ Kb2 67. Re2+ Kb3 68. Kd4 a2 69. Re1 Rxf2 0-1

[Event "Saint Quentin op 4th"]
[Site "Saint Quentin"]
[Date "2001.04.22"]
[Round "9.12"]
[White "Mela, Jerome"]
[Black "Midoux, Sebastien"]
[Result "0-1"]
[WhiteElo "2175"]
[BlackElo "2252"]
[PlyCount "44"]
[EventDate "2001.04.15"]
[EventType "swiss"]
[EventRounds "9"]
[EventCountry "FRA"]
[SourceTitle "EXT 2002"]
[Source "ChessBase"]
[SourceDate "2001.11.25"]
[SourceVersion "1"]
[SourceVersionDate "2001.11.25"]
[SourceQuality "1"]

1. e4 c5 2. Nf3 d6 3. d4 cxd4 4. Nxd4 Nf6 5. Nc3 a6 6. Bg5 e6 7. f4 Nc6 8. Nxc6 bxc6 9. e5 h6 10. Bh4 g5 11. fxg5 Nd5 12. Ne4 Qb6 13. c4 Qxb2 14. exd6 hxg5 15. Bf2 Bg7 16. cxd5 cxd5 17. Rc1 Qe5 18. Be2 Qxe4 19. 0-0 Be5 20. h3 Bxd6 21. Bd4 Rh4 22. Bf6 Qe3+ 0-1